Yo construyo con... Marori y Tutibú, cuadernillo para el, la alumno, a: nivel básico 2, 3§ año
Saved in:
| Main Authors: | , , , |
|---|---|
| Format: | Bog |
| Sprog: | spansk |
| Udgivet: |
Santiago
MINEDUC
2000
|
| Fag: | |
| Tags: |
Tilføj Tag
Ingen Tags, Vær først til at tagge denne postø!
|
MARC
| LEADER | 00000nam a2200000 a 4500 | ||
|---|---|---|---|
| 001 | UCM0178 | ||
| 003 | CL-VaPUC | ||
| 008 | 020125e20000000CL |||||||||||||||||spa|d | ||
| 082 | 0 | 4 | |a 362.29 |b VIL |2 21 |
| 100 | 0 | |a Villegas C., Eliana |e author |9 466876 | |
| 700 | 0 | |a Bustos B., Susana |e author |9 466877 | |
| 700 | 0 | |a Careaga N., Selva |e author |9 466878 | |
| 700 | 0 | |a Venegas C., Lucía |e author |9 466879 | |
| 245 | 1 | 0 | |a Yo construyo con... Marori y Tutibú, cuadernillo para el, la alumno, a: nivel básico 2, 3§ año |
| 300 | |a 24 p | ||
| 942 | |c BK | ||
| 945 | |d 20020125 00:00:00 |a cmena | ||
| 260 | |a Santiago |b MINEDUC |c 2000 | ||
| 500 | |a Cuadernillo complementario a: Manual de prevención temprana del uso indebido de drogas: Marori y Tutibú | ||
| 650 | 0 | |a Educación básica |9 224933 | |
| 650 | 0 | |a Educación moral |9 308319 | |
| 650 | 0 | |a Consumo de drogas |9 390009 | |
| 650 | 0 | |a Métodos de enseñanza |9 270413 | |
| 583 | |a last modification |c 20020125 00:00:00 |k Rodrigo Vera | ||
| 999 | |c 299214 |d 299212 | ||
| 952 | |0 0 |1 0 |4 0 |6 362_290000000000000_VIL_2000 |7 0 |8 A |9 355470 |a BIBEDU |b BIBEDU |d 2019-11-21 |i 3788342 |o 362.29 VIL 2000 |p 3788342 |r 2019-11-21 |w 2019-11-21 |y BK |k BME | ||
| 952 | |0 0 |1 0 |4 0 |6 362_290000000000000_VIL_2000 |7 0 |8 A |9 355471 |a BIBEDU |b BIBEDU |d 2019-11-21 |i 3821374 |o 362.29 VIL 2000 |p 3821374 |r 2019-11-21 |w 2019-11-21 |y BK |k EPE | ||
| 952 | |0 0 |1 0 |4 0 |6 362_290000000000000_VIL_2000 |7 0 |8 A |9 355472 |a BIBEDU |b BIBEDU |d 2019-11-21 |i 3893197 |o 362.29 VIL 2000 |p 3893197 |r 2019-11-21 |w 2019-11-21 |y BK |k BME | ||
| 952 | |0 0 |1 0 |4 0 |6 362_290000000000000_VIL_2000 |7 0 |8 A |9 355473 |a BIBGIM |b BIBGIM |d 2019-11-21 |i 389293K |o 362.29 VIL 2000 |p 389293K |r 2025-01-15 |w 2019-11-21 |y BK |k GIM | ||
| 952 | |0 0 |1 0 |4 0 |6 362_290000000000000_VIL_2000 |7 0 |8 A |9 355474 |a BIBEDU |b BIBEDU |d 2019-11-21 |i 3960161 |o 362.29 VIL 2000 |p 3960161 |r 2019-11-21 |w 2019-11-21 |y BK |k EPE | ||
| 952 | |0 0 |1 0 |4 0 |6 362_290000000000000_VIL_2000 |7 0 |8 A |9 355475 |a BIBEDU |b BIBEDU |d 2019-11-21 |i 3962539 |o 362.29 VIL 2000 |p 3962539 |r 2019-11-21 |w 2019-11-21 |y BK |k EBA | ||
| 952 | |0 0 |1 0 |4 0 |6 362_290000000000000_VIL_2000 |7 0 |8 A |9 355476 |a BIBEDU |b BIBEDU |d 2019-11-21 |i 3962547 |o 362.29 VIL 2000 |p 3962547 |r 2019-11-21 |w 2019-11-21 |y BK |k EBA | ||
| 952 | |0 0 |1 0 |4 0 |6 362_290000000000000_VIL_2000 |7 0 |8 A |9 355478 |a BIBEDU |b BIBEDU |d 2019-11-21 |i 4093097 |o 362.29 VIL 2000 |p 4093097 |r 2019-11-21 |w 2019-11-21 |y BK |k EBA | ||